Statistics for US States with HI

Click here to take the quiz!

General Stats

  • This quiz has been taken 97 times
  • The average score is 7 of 9

Answer Stats

State% Correct
Hawaii
97%
Washington
84%
North Carolina
82%
Ohio
80%
New Hampshire
76%
South Carolina
76%
Michigan
75%
Idaho
67%
Rhode Island
58%

Score Distribution

Percentile by Number Answered

Percent of People with Each Score

Your Score History

You have not taken this quiz